| 000 | 00584cam a2200193 a 4500 | ||
|---|---|---|---|
| 005 | 20250901165324.0 | ||
| 008 | 080703s2009 maua b 001 0 eng | ||
| 010 | _a 2008029244 | ||
| 020 | _a9780073382340 (alk. paper) | ||
| 020 | _a0073382345 (alk. paper) | ||
| 050 | 0 | 0 |
_aHG3881 .E655 2009 _b.E655 2009 |
| 082 | 0 | 0 |
_a658.15/99 _222 |
| 100 | 1 | _aEun, Cheol S. | |
| 245 | 1 | 0 |
_aInternational financial management / _cCheol S. Eun, Bruce G. Resnick. |
| 250 | _a5th ed. | ||
| 260 |
_aBoston : _bMcGraw-Hill Irwin, _cc2009. |
||
| 300 |
_axxiii, 533 p. : _bill. ; _c29 cm. |
||
| 942 | _2ddc | ||
| 999 |
_c2140 _d2140 |
||